000 00683nam a2200229 i 4500
001 21229
003 ES-MaACL
005 20240509162614.0
007 t|
008 021122s1958 sp ||||1| spa d
080 _a860-94"19"
080 _a92 Agramonte, Francisco
100 1 _aAgramonte Cortijo, Francisco.
_918587
245 1 0 _aExtraoficial
_b: recuerdos de la vida de un diplomático /
_cFrancisco Agramonte Cortijo.
260 _aMadrid :
_bAguilar,
_c1958 (
_fMinerva)
300 _a353 p. ;
_c20 cm.
490 1 _aColección literaria
830 1 _aColección literaria (Aguilar)
_9236293
852 _aES-MaACL
_jC-15992
942 _2udc
999 _c21229
_d21229